00907 2200337 4500001002100000005001500021035002000036007000300056040001700059100001400076245007300090300003300163504002300196041000800219082001100227084001700238090002100255264002600276336002100302337003000323338002300353650001100376850001000387008004100397020002200438250001200460700003800472110001300510990002300523990002300546INLIS00000000000776920260529041122 a0010-0922000258ta aSBPUPADbind ePengarang1 aMengelola Sampah Menjadi Kompos /cTIM PPLH,: Penyunting, Erminawati avi, 38 hlm :billus ;c21 cm aBibliografi hlm 3807aind a631.86 a631.86 TIM m a635.7 CUC o 19-7 a.--Jakarta :bRicardo 2rdacontentateks 2rdamediaatanpa perantara 2rdacarrieravolume 4aKompos aPUPAD260529 0  a978-602-8193-25-2 a.-Cet.10 aPenyunting, ErminawatiePengarang0 aTIM PPLH a9308/H/KAPD-PDG/09 a9312/H/KAPD-PDG/09